K roli obcí v nové Evropě
Dopad európskeho integračného procesu na obce. Komunálne európske vzťahy. Podporná politika EÚ a obce. Organizačné prispôsobovanie sa. Komunálne aktivity v Bruseli. Národné možnosti pôsobenia obcí v integračnom procese.
Gespeichert in:
| 1. Verfasser: | |
|---|---|
| Format: | Buchkapitel |
| Sprache: | Tschechisch |
| Schlagworte: | |
| Tags: |
Keine Tags, Fügen Sie das erste Tag hinzu!
|
MARC
| LEADER | 00000naa$a2200000$$$4500 | ||
|---|---|---|---|
| 001 | 0033095 | ||
| 005 | 20231107103424.7 | ||
| 041 | 0 | |a cze | |
| 044 | |a CZ | ||
| 245 | 1 | 0 | |a K roli obcí v nové Evropě |c Ingolf Rossberg |
| 520 | |a Dopad európskeho integračného procesu na obce. Komunálne európske vzťahy. Podporná politika EÚ a obce. Organizačné prispôsobovanie sa. Komunálne aktivity v Bruseli. Národné možnosti pôsobenia obcí v integračnom procese. | ||
| 610 | 2 | 0 | |a obce |
| 610 | 2 | 0 | |a regióny |
| 610 | 2 | 0 | |a Európska únia |
| 610 | 2 | 0 | |a harmonizácia |
| 610 | 2 | 0 | |a spolupráca hospodárska medzinárodná |
| 610 | 2 | 0 | |a politika komunálna |
| 610 | 2 | 0 | |a integrácia regionálna |
| 100 | 1 | |a Rossberg, Ingolf | |